| 000 | 01178nam a2200289 i 4500 | ||
|---|---|---|---|
| 005 | 20260526155000.0 | ||
| 008 | 260526s2025 my er o 1 k eng | ||
| 020 |
_a9786297748672 _cRM 52.00 _qpaperback |
||
| 040 |
_aPPAK _beng _cPPAK _erda |
||
| 082 | 0 | 0 |
_223 _a297.265 |
| 090 | 0 | 0 |
_a297.265 _bSYE _dG |
| 100 | 0 |
_aSyed Abdul Majid Ghouri, _d1978- _eauthor. |
|
| 245 | 1 | 0 |
_aINTRODUCTION TO THE SCIENCES OF HADITH : _bA Classical Perspective with Relevant Examples / _cSYED ABDUL MAJID GHOURI ; Managing Editor: Fatin Huwaina Ahmad ; Designer: Nuraznita Abdullah |
| 264 | 1 |
_aNilai, Negeri Sembilan : _bUSIM Press, _c2025 |
|
| 300 |
_ax, 230 pages ; _c24 cm |
||
| 336 |
_atext _2rdacontent |
||
| 337 |
_aunmediated _2rdamedia |
||
| 338 |
_avolume _2rdacarrier |
||
| 500 | _aContains verses from the Qur'an and quotes from the Hadith | ||
| 504 | _aIncludes bibliographical references and index | ||
| 650 | 1 | 0 | _aIslam and science |
| 650 | 2 | 0 |
_aHadith _xCriticism, interpretation, etc. |
| 650 | 2 | 0 |
_aGovernment publications _zMalaysia |
| 700 | 0 |
_aFatin Huwaina Ahmad, _eeditor. |
|
| 700 | 0 |
_aNuraznita Abdullah, _eillustrator. |
|
| 942 |
_2ddc _cB |
||
| 999 |
_c204473 _d204473 |
||